000 00396nam a2200169 4500
003 SEACOMMC
005 20231010053351.0
008 231010b |||||||| |||| 00| 0 eng d
020 _c95.00
040 _aSEACOMMC
082 _a372.357
_bMAN
100 _aDe, Anil Kumar
245 _aMan, Nature and Environment
260 _aNew Delhi
_bNew Age
_c2006
700 _aArnab Kumar de
942 _cBOOK
999 _c39
_d39